Diálogos de La Habana : (Registro nro. 122551)
[ vista simple ]
| 000 -LEADER | |
|---|---|
| campo de control de longitud fija | 03324nam a2200481 i 4500 |
| 001 - NÚMERO DE CONTROL | |
| campo de control | 122551 |
| 003 - IDENTIFICADOR DE NÚMERO DE CONTROL | |
| campo de control | FINmELB |
| 005 - FECHA Y HORA DE LA ÚLTIMA TRANSACCIÓN | |
| campo de control | 20241217175436.0 |
| 006 - CÓDIGOS DE INFORMACIÓN DE LONGITUD FIJA--CARACTERÍSTICAS DEL MATERIAL ADICIONAL | |
| campo de control de longitud fija | m o d | |
| 007 - CAMPO FIJO DE DESCRIPCIÓN FÍSICA--INFORMACIÓN GENERAL | |
| campo de control de longitud fija | cr cnu|||||||| |
| 008 - DATOS DE LONGITUD FIJA--INFORMACIÓN GENERAL | |
| campo de control de longitud fija | 210707s2014 ck a obo 000 0 spa d |
| 020 ## - NÚMERO INTERNACIONAL ESTÁNDAR DEL LIBRO | |
| Número Internacional Estándar del Libro | 9789587618310 |
| Información calificativa | (e-book) |
| 020 ## - NÚMERO INTERNACIONAL ESTÁNDAR DEL LIBRO | |
| ISBN cancelado o inválido | 9789587616491 |
| 035 ## - NÚMERO DE CONTROL DEL SISTEMA | |
| Número de control de sistema | (OCoLC)1261027422 |
| 040 ## - FUENTE DE CATALOGACIÓN | |
| Centro catalogador/agencia de origen | FINmELB |
| Lengua de catalogación | spa |
| Normas de descripción | rda |
| Centro/agencia transcriptor | FINmELB |
| 043 ## - CÓDIGO DE ÁREA GEOGRÁFICA | |
| Código de área geográfica | s-ck--- |
| 050 #4 - SIGNATURA TOPOGRÁFICA DE LA BIBLIOTECA DEL CONGRESO | |
| Número de clasificación | HN310.Z9 |
| Número de ítem | D535 2014 |
| 080 ## - NÚMERO DE LA CLASIFICACIÓN DECIMAL UNIVERSAL | |
| Número de la Clasificación Decimal Universal | 323.285 |
| 082 04 - NÚMERO DE LA CLASIFICACIÓN DECIMAL DEWEY | |
| Número de clasificación | 303.69 |
| Información de edición | 22 |
| 245 00 - MENCIÓN DEL TÍTULO | |
| Título | Diálogos de La Habana : |
| Resto del título | miradas múltiples desde la universidad / |
| Mención de responsabilidad, etc. | Alejo Vargas Velásquez, editor. |
| 264 #1 - PRODUCCIÓN, PUBLICACIÓN, DISTRIBUCIÓN, FABRICACIÓN Y COPYRIGHT | |
| Producción, publicación, distribución, fabricación y copyright | Bogotá, Colombia : |
| Nombre del de productor, editor, distribuidor, fabricante | Universidad Nacional de Colombia, |
| Fecha de producción, publicación, distribución, fabricación o copyright | 2014. |
| 300 ## - DESCRIPCIÓN FÍSICA | |
| Extensión | 1 recurso en línea (332 páginas) : |
| Otras características físicas | ilustraciones |
| 336 ## - TIPO DE CONTENIDO | |
| Término de tipo de contenido | texto |
| Código de tipo de contenido | txt |
| Fuente | rdacontent/spa |
| 337 ## - TIPO DE MEDIO | |
| Nombre/término del tipo de medio | computadora |
| Código del tipo de medio | c |
| Fuente | rdamedia/spa |
| 338 ## - TIPO DE SOPORTE | |
| Nombre/término del tipo de soporte | recurso en línea |
| Código del tipo de soporte | cr |
| Fuente | rdacarrier/spa |
| 504 ## - NOTA DE BIBLIOGRAFÍA, ETC. | |
| Nota de bibliografía, etc. Nota | Incluye referencias bibliografícas. |
| 505 0# - NOTA DE CONTENIDO CON FORMATO | |
| Nota de contenido con formato | Dimensiones históricas y socio-económicas del conflicto armado en Colombia / Luis Humberto Hernández -- Desarrollo agrario integral : a un año de iniciadas las conversaciones de La Habana : nuestro mundo agrario en debate / Darío Fajardo Montaña -- Desarrollo rural con equidad y con enfoque territorial : requisito para la paz y el desarrollo / Santiago Perry -- Posibilidades e interrogantes sobre las propuestas de las FARC sobre participación política / Fernán E. González, Víctor Barrera -- Reforma política en perspectiva de paz / Marco Romero -- Participacion política y búsqueda de acuerdos para el fin del conflicto / Sergio De Zubiría Samper -- Drogas y conversaciones de paz en La Habana : priorizar lo fundamental / Ricardo Vargas M. -- Políticas antidrogas narcotráfico y desarrollo alternativo en Colombia en un contexto global : hacia un cambio de estrategia? / Catalina Toro Pérez -- Debates en torno a las víctimas del conflicto armado interno dentro del actual proceso de negociación de finalización del conflicto / Martha Nubia Bello Albarracín, Claudia Mosquera Rosero-Labbé, Jairo Ortegón, Rafael Camilo Quishpe, Erika Sepúlveda -- Justicia transicional para la democracia / Iván Cepeda Castro -- La refrendación o ratificación democrática de la paz : dilemas y posibilidades / Rodrigo Uprimny -- Una fábula para pensar la paz en Colombia : incertidumbre y retos de la Mesa de Conversaciones de La Habana / Carlos Medina Gallego. |
| 588 ## - NOTA DE FUENTE DE LA DESCRIPCIÓN | |
| Nota de fuente de la descripción | Descripción basada en metadatos suministrados por el editor y otras fuentes. |
| 590 ## - NOTA LOCAL (RLIN) | |
| Nota local | Recurso electrónico. Santa Fe, Arg.: elibro, 2021. Disponible vía World Wide Web. El acceso puede estar limitado para las bibliotecas afiliadas a elibro. |
| 650 #0 - PUNTO DE ACCESO ADICIONAL DE MATERIA--TÉRMINO DE MATERIA | |
| Término de materia o nombre geográfico como elemento de entrada | Political violence |
| Subdivisión geográfica | Colombia. |
| 650 #0 - PUNTO DE ACCESO ADICIONAL DE MATERIA--TÉRMINO DE MATERIA | |
| Término de materia o nombre geográfico como elemento de entrada | Conflict management |
| Subdivisión geográfica | Colombia. |
| 650 #0 - PUNTO DE ACCESO ADICIONAL DE MATERIA--TÉRMINO DE MATERIA | |
| Término de materia o nombre geográfico como elemento de entrada | Victims of violent crimes |
| Subdivisión geográfica | Colombia. |
| 650 #4 - PUNTO DE ACCESO ADICIONAL DE MATERIA--TÉRMINO DE MATERIA | |
| Término de materia o nombre geográfico como elemento de entrada | Violencia política |
| Subdivisión geográfica | Colombia. |
| 650 #4 - PUNTO DE ACCESO ADICIONAL DE MATERIA--TÉRMINO DE MATERIA | |
| Término de materia o nombre geográfico como elemento de entrada | Gestión de conflictos |
| Subdivisión geográfica | Colombia. |
| 650 #4 - PUNTO DE ACCESO ADICIONAL DE MATERIA--TÉRMINO DE MATERIA | |
| Término de materia o nombre geográfico como elemento de entrada | Víctimas de delitos violentos |
| Subdivisión geográfica | Colombia. |
| 655 #4 - TERMINO DE INDIZACIÓN--GENERO/FORMA | |
| Datos o término principal de género/forma | Libros electrónicos. |
| 700 1# - ENTRADA AGREGADA--NOMBRE PERSONAL | |
| Nombre de persona | Vargas Velásquez, Alejo, |
| Término indicativo de función/relación | editor. |
| 797 2# - PUNTO DE ACCESO ADICIONAL LOCAL--NOMBRE DE ENTIDAD CORPORATIVA (RLIN) | |
| Nombre de entidad corporativa o nombre de jurisdicción como elemento de entrada | elibro, Corp. |
| 856 40 - LOCALIZACIÓN Y ACCESO ELECTRÓNICOS | |
| Identificador Uniforme de Recurso | <a href="https://elibro.net/ereader/politecnicointernacional/129897">https://elibro.net/ereader/politecnicointernacional/129897</a> |
No hay ítems disponibles.